Lenga lengas (Registo nº 4466)

Detalhes MARC
000 -Etiqueta do registo
Cabeçalho 00857cam a2200313 4500
005 - Identificador da versão
Campo de controlo 20240813122102.0
010 ## - Número internacional normalizado dos livros (ISBN)
Número (ISBN) 9722409921
021 ## - Número do Depósito Legal
Código do país PT
Número 106440/97
035 ## - Other System Control Numbers
System Control Number (bn)681569
System Control Number 681569
100 ## - Dados gerais de processamento
Dados gerais de processamento 19970513d1997 c y0pory5003 ba
102 ## - Pais de publicação ou produção
País de publicação Portugal
101 0# - Língua de publicação
Língua do texto, banda sonora, etc. Português
106 ## - Campo de dados codificados: material textual
Dados codificados do material textual r
105 ## - Campo de dados codificados: livros
Dados codificados dos livros a z 001zy
215 ## - Descrição física 
Indicação específica da natureza do documento e extensão da espécie 28 p.
Outras indicações físicas il.
Dimensões 29 cm
200 1# - Titulo e menção de responsabilidade
Título próprio Lenga lengas
Primeira menção de responsabilidade recolha e sel. Luísa Ducla Soares
Outras menções de responsabilidade il. Sofia Castro
205 ## - Menção da edição
Menção da edição 2ª ed
210 ## - Publicação, Distribuição, etc. 
Lugar da edição, distribuição, etc. Lisboa
Nome do editor, distribuidor, etc. Livros Horizonte
Data da publicação, distribuição, etc. 1997
675 ## - Classificação Decimal Universal (CDU)
Notação 087.5
Edição BN
Língua da edição por
Notação 821.134.3-91"19"
Edição BN
Língua da edição por
Notação 398
Edição BN
Língua da edição por
702 #1 - Nome de autor-pessoa física (responsabilidade secundária)
Número de registo de entrada de autoridade 0000789
Palavra de ordem Soares
Outra parte do nome não tomada para palavra de ordem Luísa Ducla
Datas 1939-
Código de função Compilador
Número de registo de entrada de autoridade 0001320
Palavra de ordem Castro
Outra parte do nome não tomada para palavra de ordem Sofia de
Datas 1966-
Código de função Ilustrador / Técnico de desenho computorizado
966 ## - Identificação da Biblioteca
Sigla BEVENDAS
942 ## - Elementos de entrada adicionados (Koha)
Tipo de item no Koha Livro
Exemplares
Situação do levantamento Origin of item (home branch) (coded) Biblioteca de empréstimo Código de barras Cota Circulation type (not for loan) Tipo de documento Nota do exemplar Damaged status
  Biblioteca Escolar das Vendas Biblioteca Escolar das Vendas BEV478 8POR SOA   Livro Sem mensagem